000 00324nam a2200133Ia 4500
008 240624s9999 xx 000 0 und d
041 _aeng
082 _a823 CHA
100 _aCHAKRABORTY NOVONEEL
245 _aFOREVER IS A LIE
260 _c2017
_aNew Delhi
_bPenguin
300 _aix, 214 p.; 19 cm.
365 _cRS
_b28.5
999 _c29506
_d29506